000 00485nam a2200193 4500
003 SEACOMMC
005 20231011062639.0
008 231011b |||||||| |||| 00| 0 eng d
020 _c425.00
040 _aSEACOMMC
082 _a005.43
_bDIS
100 _aCoulouris,GorgeDollimore
245 _aDistributed System: Concepts and Design
250 _a3 rd ed
260 _aDelhi
_bPearson
_c2006
650 _aDatabase Systems Management
700 _aTim Ram Kinberg
942 _cBOOK
999 _c129
_d129